Pricing guidelines for the retail florist /

Bibliographic Details
Main Author: Russell, Valerie L., 1961-
Format: Thesis Book
Language:English
Published: [Place of publication not identified] : [publisher not identified] ; 1986.
Subjects:

MARC

Tag First Indicator Second Indicator Subfields
LEADER 00000cam a2200000 a 4500
001 in00000007397
005 20151005080004.0
008 880225s1986 xx a b 00010 eng d
035 |a (OCoLC)17540190 
035 |9 AAA1888AM 
040 |a TXA  |c TXA  |d UtOrBLW 
043 |a n-us-tx 
049 |a TXAZ [Also in] [Archives]  |c 1 [A09356081], 2 [A09356099] 
099 |a 1986  |a Thesis  |a R968 
100 1 |a Russell, Valerie L.,  |d 1961- 
245 1 0 |a Pricing guidelines for the retail florist /  |c by Valerie L. Russell. 
264 1 |a [Place of publication not identified] :  |b [publisher not identified] ;  |c 1986. 
300 |a viii, 124 leaves :  |b illustrations ;  |c 28 cm. 
336 |a text  |b txt  |2 rdacontent 
337 |a unmediated  |b n  |2 rdamedia 
338 |a volume  |b nc  |2 rdacarrier 
500 |a Typescript (photocopy). 
502 |b M. Ag.  |c Texas A&M University  |d 1986. 
500 |a Vita. 
504 |a Bibliography: leaves 20-21. 
500 |a "Major subject: Floriculture." 
650 0 |a Florists  |z Texas. 
650 0 |a Flowers  |x Marketing. 
650 4 |a Major floriculture. 
999 |a MARS 
999 f f |s b1e2c4b4-118f-3294-9f67-daf4dedadfdc  |i 6b397fdd-d784-31c6-937f-665216c6cdf2  |t 0 
952 f f |p noncirc  |a Texas A&M University  |b J.J. Pickle Campus  |c High Density Repository  |s HDR  |d Remote Storage  |t 0  |e 1986 Thesis R968  |h Other scheme  |i unmediated -- volume  |m A14839617768 
998 f f |a 1986 Thesis R968  |t 0  |l Remote Storage